000 00819nam a2200253Ia 4500
003 OSt
005 20220923215917.0
006 a|||||r|||| 00| 0
007 ta
008 220922b |||||||| |||| 00| 0 hin d
024 _a182,768
037 _cTextual
040 _aARTS
_cARTS
_bhin
041 _2hin
_ahin
082 _aO152,1N50x, M5
100 _aमनीषी, सारस्वत मोहन
_9156370
245 0 _aबूँद बूँद वेदना
246 _aBūँd būँd vedanā
260 _aदिल्ली
_b किताब धर
_c1985
300 _a133 पृ.
_ccm.
650 _aहिन्दी साहित्य
_9156264
942 _hO152,1N50x, M5
_cTEXL
_2CC
999 _c336132
_d336132